000 00296nam a22001217a 4500
020 _a9788170357162
082 _a630
_bCHA/OB
245 _aObjective agriculture science
260 _aNew Delhi
_bDaya Publishing House
_c2014
700 _aChavan, U.D
_995
700 _aPatil, J.V
_996
942 _cBK
999 _c14102
_d14102